| 000 | 01594nam a2200361 a 4500 | ||
|---|---|---|---|
| 001 | ebr10427670 | ||
| 003 | CaPaEBR | ||
| 006 | m u | ||
| 007 | cr cn||||||||| | ||
| 008 | 080926s2009 enka sb 000 0 eng | ||
| 010 | _z 2008041967 | ||
| 015 |
_aGBA8D4581 _2bnb |
||
| 016 | 7 |
_z014837368 _2Uk |
|
| 020 | _z9781855394445 (pbk.) | ||
| 020 | _z1855394448 (pbk.) | ||
| 040 |
_aCaPaEBR _cCaPaEBR |
||
| 035 | _a(OCoLC)676698499 | ||
| 050 | 1 | 4 |
_aLB1060 _b.P355 2009eb |
| 082 | 0 | 4 |
_a370.15/23 _222 |
| 100 | 1 | _aPardoe, Diana. | |
| 245 | 1 | 0 |
_aTowards successful learning _h[electronic resource] : _bfurthering the development of successful learning and teaching in schools / _cDiana Pardoe. |
| 250 | _a2nd ed. | ||
| 260 |
_aLondon : New York : _bNetwork Continuum, _cc2009. |
||
| 300 |
_avii, 103 p. : _bcol. ill. |
||
| 504 | _aIncludes bibliographical references (p. 95-99). | ||
| 505 | 0 | _aIntroduction -- Setting the scene and learning about the learners -- What makes a successful learner? -- Exploring the learning process -- Putting the principles into practice : case studies -- Transferring responsibility : whose learning is it anyway? | |
| 533 |
_aElectronic reproduction. _bPalo Alto, Calif. : _cebrary, _d2013. _nAvailable via World Wide Web. _nAccess may be limited to ebrary affiliated libraries. |
||
| 650 | 0 | _aLearning. | |
| 650 | 0 | _aEffective teaching. | |
| 655 | 7 |
_aElectronic books. _2local |
|
| 710 | 2 | _aebrary, Inc. | |
| 856 | 4 | 0 |
_uhttp://site.ebrary.com/lib/rucke/Doc?id=10427670 _zAn electronic book accessible through the World Wide Web; click to view |
| 999 |
_c144268 _d144268 |
||